Big Data et algorithmes (Registro nro. 50016)
[ vista simple ]
| 000 -CABECERA | |
|---|---|
| Longitud fija campo de control | 01113naa a2200313 c 4500 |
| 001 - NÚMERO DE CONTROL | |
| Número de control | 50016 |
| 003 - IDENTIFICADOR DE NÚMERO DE CONTROL | |
| Identificador del número de control | ES-MaCES |
| 005 - FECHA Y HORA DE LA ÚLTIMA TRANSACCIÓN | |
| Fecha y hora de la última transacción | 20171005142727.0 |
| 008 - CAMPO FIJO DE DESCRIPCIÓN FIJA--INFORMACIÓN GENERAL | |
| Códigos de información de longitud fija | 171005s2017 fr ||||| t||||||| ||fre d |
| 040 ## - FUENTE DE CATALOGACIÓN | |
| Centro catalogador de origen | ES-MaCES |
| Lengua de catalogación | spa |
| Centro transcriptor | ES-MaCES |
| Centro modificado | ES-MaCES |
| 100 ## - ENCABEZAMIENTO PRINCIPAL--NOMBRE PERSONAL | |
| 9 (RLIN) | 38601 |
| Nombre de persona | Cukier, Kenneth |
| 245 10 - MENCIÓN DE TÍTULO | |
| Título | Big Data et algorithmes |
| Resto del título | : la course aux données |
| Mención de responsabilidad, etc. | Kenneth Cukier |
| 500 ## - NOTA GENERAL | |
| Nota general | Resumen |
| 504 ## - NOTA DE BIBLIOGRAFÍA, ETC. | |
| Nota de bibliografía, etc. | Bibliografía: p. 50 |
| 650 #4 - ASIENTO SECUNDARIO DE MATERIA--TÉRMINO DE MATERIA | |
| 9 (RLIN) | 26781 |
| Término de materia o nombre geográfico como elemento inicial | economía |
| 650 #4 - ASIENTO SECUNDARIO DE MATERIA--TÉRMINO DE MATERIA | |
| 9 (RLIN) | 30104 |
| Término de materia o nombre geográfico como elemento inicial | tecnología de la información |
| 650 #4 - ASIENTO SECUNDARIO DE MATERIA--TÉRMINO DE MATERIA | |
| 9 (RLIN) | 30788 |
| Término de materia o nombre geográfico como elemento inicial | nuevas tecnologías |
| 650 #4 - ASIENTO SECUNDARIO DE MATERIA--TÉRMINO DE MATERIA | |
| 9 (RLIN) | 28236 |
| Término de materia o nombre geográfico como elemento inicial | cambio tecnológico |
| 650 #4 - ASIENTO SECUNDARIO DE MATERIA--TÉRMINO DE MATERIA | |
| 9 (RLIN) | 28876 |
| Término de materia o nombre geográfico como elemento inicial | análisis de datos |
| 650 #4 - ASIENTO SECUNDARIO DE MATERIA--TÉRMINO DE MATERIA | |
| 9 (RLIN) | 28848 |
| Término de materia o nombre geográfico como elemento inicial | recopilación de datos |
| 650 #4 - ASIENTO SECUNDARIO DE MATERIA--TÉRMINO DE MATERIA | |
| 9 (RLIN) | 28873 |
| Término de materia o nombre geográfico como elemento inicial | informática |
| 650 #4 - ASIENTO SECUNDARIO DE MATERIA--TÉRMINO DE MATERIA | |
| 9 (RLIN) | 30136 |
| Término de materia o nombre geográfico como elemento inicial | programación de computadora |
| 650 #4 - ASIENTO SECUNDARIO DE MATERIA--TÉRMINO DE MATERIA | |
| 9 (RLIN) | 28299 |
| Término de materia o nombre geográfico como elemento inicial | empleo |
| 650 #4 - ASIENTO SECUNDARIO DE MATERIA--TÉRMINO DE MATERIA | |
| 9 (RLIN) | 27082 |
| Término de materia o nombre geográfico como elemento inicial | consecuencias económicas |
| 653 10 - TÉRMINO DE INDEXACIÓN--NO CONTROLADO | |
| Término no controlado | Empleo |
| 773 0# - ENTRADA DE DOCUMENTO FUENTE | |
| Itemnumber del ítem fuente | 86612 |
| Lugar, editor y fecha de publicación | Paris La documentation Française [1956]- |
| Otro identificador del documento | 089509 |
| Título | Cahiers français |
| Número de control del registro relacionado | (ES-MaCES)49992 |
| Parte(s) relacionada(s) | nº 392 (mai-juin 2016) {55/1147 R. 089509} ;p. 45-50 |
| 902 ## - CES. TIPO DE DOCUMENTO | |
| Tipodoc (006$c Sirtex) | ART Artículo de revista |
| 942 ## - ELEMENTOS KOHA | |
| Fuente de clasificaión o esquema | Clasificación propia del CES |
| Koha [por defecto] tipo de item | Artículos (1982-2017) |
| Parte de clasificación | Relaciones Laborales y Rel. Lab.- Empleo |
No hay ítems disponibles.
